[Event "ch-AUS"]
[Site "Melbourne AUS"]
[Date "2002.01.07"]
[Round "9"]
[White "Johansen,D"]
[Black "Jordan,Wi"]
[Result "1-0"]
[WhiteElo "2524"]
[BlackElo "2330"]

1.Nf3 d5 2.d4 Nf6 3.c4 c6 4.Nc3 dxc4 5.a4 Bf5 6.Ne5 Nbd7 7.Nxc4 Qc7 8.g3 e5
9.dxe5 Nxe5 10.Bf4 Nfd7 11.Bg2 f6 12.Ne4 Bb4+ 13.Kf1 Be6 14.Ned6+ Ke7 15.Nxe5 Nxe5
16.Bxe5 Bxd6 17.Bc3 Rad8 18.Qc2 a5 19.h4 Qb6 20.Bf3 Bc5 21.Rh2 Rd7 22.h5 Bd4
23.e3 Bxc3 24.Qxc3 Qb3 25.Qxa5 Qxb2 26.Qc5+ Kf7 27.Re1 Rd2 28.Be4 Bd5 29.Rb1 Qxb1+
30.Bxb1 Rd1+ 31.Ke2 Rxb1 32.Rh4 Rb2+ 33.Kd3 Rd8 34.Rd4 b6 35.Qc1 Rb3+ 36.Kc2 Rc8
37.Qa1 Be6 38.h6 g5 39.Qd1 Ra3 40.Rd7+ Kg6 41.Qd6 Bxd7 42.Qxa3 Bf5+ 43.Kc1 c5
44.f3 Kxh6 45.e4 Bd7 46.Qd3 Bxa4 47.Qa6 Bd7 48.Qb7 Be6 49.Qe7 Bc4 50.Qxf6+ Kh5
51.Qxb6 Ra8 52.Qxc5 Be6 53.Qe5 Rc8+ 54.Kd2 Rd8+ 55.Ke3 Bc4 56.g4+  1-0

[Event "Troll Masters"]
[Site "Gausdal NOR"]
[Date "2002.01.08"]
[Round "5"]
[White "Johansen,Te"]
[Black "Johansson,P"]
[Result "1-0"]
[WhiteElo "2239"]
[BlackElo "2041"]

1.d4 d5 2.c4 c6 3.Nc3 Nf6 4.Nf3 dxc4 5.a4 Bf5 6.Ne5 Nbd7 7.Nxc4 Qc7 8.g3 e5
9.dxe5 Nxe5 10.Bf4 Rd8 11.Qc1 Bd6 12.Nxd6+ Qxd6 13.Bg2 O-O 14.a5 Rfe8 15.O-O Qb4
16.a6 bxa6 17.Rxa6 Nd5 18.Nxd5 cxd5 19.Rxa7 Nc4 20.Bg5 f6 21.b3 Qb6 22.Qa1 Ne5
23.Be3 Qxb3 24.Re1 Qb4 25.Rd1 Be4 26.Bh3 Nc6 27.Rc7 d4 28.Bf4 Ra8 29.Qc1 Qc3
30.Bd7 Red8 31.Bxc6  1-0

[Event "Troll Masters"]
[Site "Gausdal NOR"]
[Date "2002.01.10"]
[Round "8"]
[White "Friedman,A"]
[Black "Hossain,Enam"]
[Result "1/2-1/2"]
[WhiteElo "2345"]
[BlackElo "2426"]

1.d4 Nf6 2.Nf3 d5 3.c4 c6 4.Nc3 dxc4 5.a4 Bf5 6.e3 e6 7.Bxc4 Bb4 8.O-O O-O
9.Nh4 Bg4 10.f3 Bh5 11.g4 Bg6 12.Nxg6 hxg6 13.e4 c5 14.Be3 cxd4 15.Bxd4 Nc6
16.Be3 Qe7 17.Qe2 Bc5 18.g5 Nd7 19.f4 Nb4 20.Rf2 Rac8 21.Bxc5 Nxc5 22.Rd1 Rcd8
23.Rxd8 Rxd8 24.Qe3 a6 25.Rd2 Rxd2 26.Qxd2 Ncd3 27.Bxd3 Qd6 28.Ne2 Qxd3 29.Qxb4 Qxe2
30.e5 Qf3 31.Qd4 Kh7 32.a5 Qb3 33.Kg2 Qa2 34.Qd2 Qc4 35.Kg3 b5 36.axb6 Qb3+
37.Kh4 Qxb6 38.b4 Qc6 39.Kg3 Qe4 40.Qc3 Qb7 41.Qd4 Qb5  1/2-1/2

[Event "28th ch-YUG Youth Women"]
[Site "Obrenovac YUG"]
[Date "2002.01.11"]
[Round "3"]
[White "Urosevic,M"]
[Black "Drljevic,L"]
[Result "1/2-1/2"]
[WhiteElo "2039"]
[BlackElo "2110"]

1.d4 d5 2.Nf3 Nf6 3.c4 c6 4.Nc3 dxc4 5.a4 Bf5 6.e3 e6 7.Bxc4 Bb4 8.O-O O-O
9.Nh4 Nbd7 10.Nxf5 exf5 11.f3 Qa5 12.Qc2 g6 13.e4 fxe4 14.fxe4 Qb6 15.Ne2 Ne8
16.Bh6 Ng7 17.Kh1 c5 18.Qb3 cxd4 19.Rxf7 Rxf7 20.Bxf7+ Kh8 21.Qd5 Nf6 22.Qe5 Qd6
23.Qxd4 Qxd4 24.Nxd4 Nxe4 25.Ne6 Nxe6 26.Bxe6 Nf2+ 27.Kg1 Bc5 28.Kf1 Re8
29.Re1 Nd3 30.Re2 Bf8 31.Bxf8 Rxf8+ 32.Kg1 Nf4  1/2-1/2

[Event "TCh-CZE 2001-2"]
[Site "CZE"]
[Date "2002.01.12"]
[Round "6"]
[White "Civin,T"]
[Black "Virostko,P"]
[Result "0-1"]
[WhiteElo "2373"]
[BlackElo "2322"]

1.d4 d5 2.c4 c6 3.Nf3 Nf6 4.Nc3 dxc4 5.a4 Bf5 6.Ne5 Nbd7 7.Nxc4 Qc7 8.g3 e5
9.dxe5 Nxe5 10.Bf4 Nfd7 11.Bg2 Rd8 12.Qc1 f6 13.O-O Be6 14.Nd2 Qa5 15.Qc2 Be7
16.Rfd1 O-O 17.Nb3 Qb4 18.Nd4 Bf7 19.Nf5 Bc5 20.Rdc1 Bb3 21.Qe4 Qa5 22.Be3 Rfe8
23.Bxc5 Nxc5 24.Qh4 Rd2 25.Ne4 Nxe4 26.Bxe4 Ng6 27.Qg4 Kh8 28.h4 Qb4 29.f3 Rxe2
30.h5 Qb6+ 31.Kh1 Qf2 32.Qh3 Ne5 33.Rf1 Qc5 34.Nxg7 Kxg7 35.h6+ Kh8 36.Qf5 Qe7
37.Qf4 Bd5 38.Rad1 Ng6  0-1

[Event "TCh-CZE 2001-2"]
[Site "CZE"]
[Date "2002.01.12"]
[Round "6"]
[White "Obsivac,J"]
[Black "Cernousek,L"]
[Result "1-0"]
[WhiteElo "2348"]
[BlackElo "2270"]

1.d4 d5 2.Nf3 Nf6 3.c4 c6 4.Nc3 dxc4 5.a4 Bf5 6.e3 e6 7.Bxc4 Bb4 8.Qe2 Nbd7
9.O-O O-O 10.e4 Bg6 11.e5 Nd5 12.Ne4 Be7 13.a5 Rc8 14.Re1 c5 15.Bxd5 exd5
16.Nc3 cxd4 17.Nxd4 Nc5 18.Be3 f6 19.e6 Bd6 20.Rad1 Re8 21.Ndb5 Rxe6 22.Rxd5 a6
23.Nxd6  1-0

[Event "TCh-ISR"]
[Site "ISR"]
[Date "2002.01.12"]
[Round "1"]
[White "Gerzhoy,L"]
[Black "Bykhovsky,Av"]
[Result "1-0"]
[WhiteElo "2332"]
[BlackElo "2440"]

1.Nf3 d5 2.d4 c6 3.c4 Nf6 4.Nc3 dxc4 5.a4 Bf5 6.e3 e6 7.Bxc4 Bb4 8.O-O O-O
9.Qe2 Nbd7 10.e4 Bg6 11.Bd3 Bh5 12.e5 Nd5 13.Nxd5 cxd5 14.Qe3 h6 15.Bd2 Qa5
16.Bxb4 Qxb4 17.Ne1 Nb8 18.Nc2 Qe7 19.f4 Nc6 20.f5 exf5 21.Bxf5 f6 22.Qh3 Be8
23.exf6 Rxf6 24.Rae1 Qf8 25.Be6+ Kh8 26.Rxf6 Qxf6 27.Rf1 Qe7 28.Qf5 Rd8 29.Qf8+ Qxf8
30.Rxf8+ Kh7 31.Ne3 Bg6 32.Rxd8 Nxd8 33.Bxd5 Nc6 34.Bxc6 bxc6 35.Kf2 Be4
36.Nc4 Kg6 37.g3 Kf6 38.Ke3 Bc2 39.a5 Ke6 40.b4 g5 41.Ne5 Ba4 42.Kd3 Bb5+
43.Ke4 Ba4 44.Kd3 Bb5+ 45.Kc3 h5 46.Kd2 Kd5 47.Ke3 Ba4 48.h4 gxh4 49.gxh4 Bb5
50.Nd3 Kc4 51.Nf4 Kxb4 52.Nxh5 c5 53.dxc5 Kxc5 54.Nf6 Bc4 55.h5 Bf7 56.h6 Bg6
57.Kf4 Kb5 58.Kg5 Bb1 59.Nd5 Kxa5 60.Nf4 Bh7 61.Kf6  1-0

[Event "28th ch-YUG Youth Women"]
[Site "Obrenovac YUG"]
[Date "2002.01.15"]
[Round "6"]
[White "Vasic,M"]
[Black "Popovic,J"]
[Result "1-0"]
[WhiteElo "2167"]
[BlackElo "2036"]

1.d4 d5 2.c4 c6 3.Nf3 Nf6 4.Nc3 dxc4 5.a4 Bf5 6.e3 e6 7.Bxc4 Bb4 8.O-O Nbd7
9.Qe2 Bg4 10.h3 Bxf3 11.Qxf3 O-O 12.Rd1 Rc8 13.Bb3 e5 14.Ne4 Qe7 15.Qf5 exd4
16.Rxd4 c5 17.Rd1 Qxe4 18.Qxe4 Nxe4 19.Rxd7 c4 20.Rxb7 Be1 21.Bc2 Bxf2+ 22.Kf1 Nc5
23.Rxa7 Bg3 24.Bd2 Be5 25.Bc3 Bxc3 26.bxc3 Rfe8 27.Ke2 Rc6 28.Rf1 Rce6 29.Rf3 f6
30.Rg3 g6 31.Rf3 f5 32.g3 Rb8 33.Ra5 Rb2 34.Kd1 Ne4 35.Kc1 Rbb6 36.Rf4 Nxc3
37.Rxc4 Ne2+ 38.Kd1 Nxg3 39.Ra7 Red6+ 40.Ke1 Rb8 41.Rcc7  1-0

[Event "TCh-ISR"]
[Site "ISR"]
[Date "2002.01.26"]
[Round "3"]
[White "Mikhalevski,V"]
[Black "Bykhovsky,Av"]
[Result "0-1"]
[WhiteElo "2531"]
[BlackElo "2440"]

1.d4 d5 2.c4 c6 3.Nf3 Nf6 4.Nc3 dxc4 5.a4 Bf5 6.Ne5 Nbd7 7.Nxc4 Nb6 8.Ne5 a5
9.f3 Nfd7 10.Nxd7 Nxd7 11.e4 Bg6 12.Qb3 Qb6 13.Qxb6 Nxb6 14.Be3 Nd7 15.h4 h5
16.d5 e5 17.dxe6 fxe6 18.O-O-O Bc5 19.Bxc5 Nxc5 20.Rh3 O-O 21.Rg3 Kh7 22.Rg5 b6
23.Bd3 Rf4 24.Bc2 Rxh4 25.Ne2 Kh6 26.Re5 Rh2 27.Nf4 Bf7 28.Rd6 g5 29.Rf5 Ra7
30.Rxc5 bxc5 31.Nxe6 Bxe6 32.Rxe6+ Kg7 33.e5 Rxg2 34.Rg6+ Kf8 35.Rh6 Rf7
36.Be4 g4 37.e6 Rf4 38.Rxh5 gxf3 39.Bxc6 Rg1+ 40.Kc2 f2 41.Rh7 Re1 42.Bg2 f1=Q
43.Bxf1 Rexf1 44.Rc7 R1f2+ 45.Kc3 R2f3+ 46.Kd2 Rd4+ 47.Ke2 Rb3 48.Rxc5 Rxb2+
49.Ke3 Rxa4 50.Rc7 Rb3+ 51.Kd2 Ra2+ 52.Kc1 a4 53.Ra7 a3  0-1

[Event "39th BPCL ch-IND"]
[Site "Nagpur IND"]
[Date "2002.01.31"]
[Round "15"]
[White "Prasad,D"]
[Black "Sriram,J"]
[Result "1/2-1/2"]
[WhiteElo "2465"]
[BlackElo "2408"]

1.d4 d5 2.Nf3 c6 3.c4 Nf6 4.Nc3 dxc4 5.a4 Bf5 6.e3 e6 7.Bxc4 Bb4 8.O-O Nbd7
9.Qe2 Bg6 10.e4 O-O 11.Bd3 h6 12.Rd1 Re8 13.e5 Nd5 14.Nxd5 cxd5 15.Bxg6 fxg6
16.Ne1 Bxe1 17.Rxe1 Nf8 18.Qb5 Qd7 19.Bd2 a6 20.Qd3 Rac8 21.b3 Qf7 22.Bb4 Qf5
23.Qxf5 gxf5 24.Rec1 Nd7 25.Bd6 Nb6 26.Bc7 Na8 27.Ba5 Kf7 28.Kf1 Ke7 29.Ke2 Kd7
30.Kd3 Rc6 31.Rxc6 bxc6 32.g4 fxg4 33.Rg1 h5 34.f3 Rb8 35.fxg4 Rxb3+ 36.Kc2 Rh3
37.gxh5 Rxh2+ 38.Kc3 c5 39.Rxg7+ Kc6 40.Ra7 cxd4+ 41.Kxd4 Rh4+ 42.Kd3 Rxa4
43.Bd8 Ra3+ 44.Kc2 Rh3 45.Rxa6+ Kb7 46.Rxe6 Rxh5 47.Kd3 Rh7 48.Kd4 Nc7 49.Bxc7 Kxc7
50.Kxd5 Kd7 51.Ra6 Rh1 52.Ra7+ Ke8 53.Kd6 Re1 54.Ke6 Kf8 55.Ra8+ Kg7 56.Ra3 Kf8
57.Rf3+ Ke8 58.Kf6 Kd7 59.Rf5 Ke8 60.Rh5 Re2 61.Rh7 Re1 62.Rb7 Re2 63.Ke6 Kf8
64.Rb8+ Kg7 65.Re8 Rd2  1/2-1/2

[Event "13th Asian Cities"]
[Site "Aden YEM"]
[Date "2002.02.09"]
[Round "3"]
[White "Abdul Moula,S"]
[Black "Abdul Ghani,H"]
[Result "1-0"]
[WhiteElo "2165"]
[BlackElo "2300"]

1.d4 d5 2.c4 c6 3.Nf3 Nf6 4.Nc3 dxc4 5.a4 Bf5 6.Ne5 Nbd7 7.Nxc4 Nd5 8.f3 Nb4
9.e4 Bg6 10.Bf4 Nb6 11.Ne5 e6 12.a5 Nd7 13.Nxg6 hxg6 14.Bc4 Qh4+ 15.Bg3 Qf6
16.e5 Qf5 17.O-O Qc2 18.Qe1 Be7 19.Rf2 Qf5 20.Ne4 O-O 21.Rd1 b6 22.Qe3 bxa5
23.Bf4 Nb6 24.Ng3 Nxc4 25.Nxf5 Nxe3 26.Nxe7+ Kh7 27.Bxe3 Rfe8 28.Bg5 Rab8
29.f4 Rb7 30.Rf3 Rexe7 31.Bxe7 Rxe7 32.Rh3+ Kg8 33.Ra3 Nd5 34.g3 Rb7 35.Rd2 Rb5
36.Rc2 Rb4 37.Rxa5 Rxd4 38.Rxa7 Rd1+ 39.Kf2 Rh1 40.Kf3 Rf1+ 41.Rf2 Rc1 42.Ra8+ Kh7
43.Rf8 g5 44.Rxf7  1-0

[Event "13th Asian Cities"]
[Site "Aden YEM"]
[Date "2002.02.13"]
[Round "9"]
[White "Ardiansyah,H"]
[Black "Abdul Ghani,H"]
[Result "1-0"]
[WhiteElo "2399"]
[BlackElo "2300"]

1.d4 d5 2.Nf3 Nf6 3.c4 c6 4.Nc3 dxc4 5.a4 Bf5 6.e3 e6 7.Bxc4 Bb4 8.O-O Nbd7
9.h3 Qa5 10.Bd2 O-O 11.Qb3 c5 12.Rfd1 cxd4 13.Nxd4 Nc5 14.Qa2 Bg6 15.Be1 a6
16.f3 Rac8 17.e4 Rfd8 18.Bf1 Nfd7 19.Nc2 Bxc3 20.Bxc3 Qb6 21.Kh1 Qb3 22.Ne3 Nf8
23.Rxd8 Rxd8 24.Bc4 Qxa2 25.Rxa2 f6 26.b4 Ncd7 27.Rd2 Be8 28.Nf5 Kh8 29.Nd6 Rb8
30.Bb3 Nb6 31.a5 Na8 32.Bd4 Kg8 33.f4 Bf7 34.Bc5 Nc7 35.f5 Rd8 36.Rd4 Ne8
37.Nxb7 Rxd4 38.Bxd4 e5 39.Bxf7+ Kxf7 40.Bb6 Nd7 41.Bd8 Nb8 42.Bb6 Ke7 43.Nc5 Kd6
44.b5 axb5 45.a6 Nc6 46.a7 Nxa7 47.Bxa7  1-0

[Event "Petrov Mem Open"]
[Site "St Petersburg RUS"]
[Date "2002.02.13"]
[Round "2"]
[White "Zakharevich,I"]
[Black "Ivanov,O UKR"]
[Result "1-0"]
[WhiteElo "2466"]
[BlackElo "2350"]

1.d4 d5 2.Nf3 Nf6 3.c4 c6 4.Nc3 dxc4 5.a4 Bf5 6.Nh4 Bc8 7.e3 e5 8.Bxc4 exd4
9.exd4 Be7 10.O-O O-O 11.Re1 Bg4 12.Qb3 Nfd7 13.Re4 Nf6 14.Re3 Nfd7 15.Rg3 Be6
16.Nf3 Bf5 17.a5 b5 18.Bxb5 cxb5 19.Qd5 b4 20.Ne2 Bc2 21.Qxa8 Nc5 22.Bh6 Ne6
23.Nf4 Bf6 24.Nxe6 fxe6 25.Qxa7 Rf7 26.Qc5 Bg6 27.Bg5 Na6 28.Qc6 Nc7 29.Ne5 Rf8
30.Nxg6 hxg6 31.Bxf6 Rxf6 32.Qc4 Nd5 33.a6 Qf8 34.a7 Nb6 35.Qc2 Qa8 36.Qc7 Qe4
37.Qxb6  1-0

[Event "Petrov Mem Open"]
[Site "St Petersburg RUS"]
[Date "2002.02.14"]
[Round "3"]
[White "Ovod,E"]
[Black "Skatchkov,P"]
[Result "1/2-1/2"]
[WhiteElo "2355"]
[BlackElo "2464"]

1.d4 d5 2.c4 c6 3.Nf3 Nf6 4.Nc3 dxc4 5.a4 Bf5 6.e3 e6 7.Bxc4 Bb4 8.O-O O-O
9.Qe2 Bg6 10.Ne5 Nbd7 11.Nxg6 hxg6 12.Rd1 Qa5 13.Bd2 Rad8 14.Be1 Nb6 15.Bb3 e5
16.dxe5 Qxe5 17.Rxd8 Rxd8 18.Rd1 Re8 19.Qf3 g5 20.h3 a5 21.g3 Rf8 22.Kg2 g6
23.Qe2 Kg7 24.f4 gxf4 25.gxf4 Qc5 26.e4 Nh5 27.Qf3 Qe7 28.e5 Rd8 29.Rxd8 Qxd8
30.Qe3 Bxc3 31.Bxc3 Nd5 32.Bxd5 Qxd5+ 33.Kf2 Kg8 34.f5 Ng7 35.fxg6 fxg6 36.Qb6 Nf5
37.Qxa5 Qd3 38.Qa8+ Kh7 39.Qxb7+ Kh6 40.Ke1 Qe3+ 41.Kd1 Qd3+ 42.Ke1 Qe4+
43.Kd2 Qg2+ 44.Kc1 Ne3 45.Kb1 Qc2+ 46.Ka2 Qxa4+ 47.Kb1 Qc2+  1/2-1/2

[Event "Petrov Mem Open"]
[Site "St Petersburg RUS"]
[Date "2002.02.15"]
[Round "4"]
[White "Aseev,K"]
[Black "Dzhakaev,D"]
[Result "1-0"]
[WhiteElo "2591"]
[BlackElo "2424"]

1.d4 Nf6 2.c4 c6 3.Nc3 d5 4.Nf3 dxc4 5.a4 Bf5 6.e3 e6 7.Bxc4 Bb4 8.O-O Nbd7
9.Nh4 O-O 10.f3 Bg6 11.Nxg6 hxg6 12.e4 e5 13.Be3 Qb6 14.Kh1 Rad8 15.Ne2 a5
16.Qc2 exd4 17.Bxd4 Bc5 18.Bc3 Bb4 19.Nf4 Bxc3 20.Qxc3 g5 21.Nd3 Rfe8 22.Rad1 Rc8
23.Rfe1 g4 24.e5 Nd5 25.Qd2 Rcd8 26.Bxd5 cxd5 27.fxg4 d4 28.Rc1 Qb3 29.Qc2 Qe6
30.Qd1 Qh6 31.Rc4 Nb6 32.Rc5 Nd5 33.Qf3 Ne3 34.Qe4 Qh4 35.h3 f5 36.Qxb7 fxg4
37.Qe4 Qh6 38.Rxa5 gxh3 39.g3 Nc4 40.Ra7 Nd6 41.Qd5+  1-0

[Event "TCh-FIN 2001-02"]
[Site "FIN"]
[Date "2002.02.16"]
[Round "7"]
[White "Solozhenkin,E"]
[Black "Rytshagov,M"]
[Result "1/2-1/2"]
[WhiteElo "2505"]
[BlackElo "2513"]

1.d4 d5 2.c4 c6 3.Nf3 Nf6 4.Nc3 dxc4 5.a4 Bf5 6.Nh4 e6 7.Nxf5 exf5 8.e3 Bb4
9.Bxc4 O-O 10.O-O Nbd7 11.Qc2 g6 12.Rd1 Rc8 13.Bf1 Qa5 14.g3 c5 15.Bg2 Qb6
16.a5 Bxa5 17.Qa4 Bxc3 18.bxc3 a6 19.Ba3 Qc7 20.dxc5 Nxc5 21.Qh4 Qe5  1/2-1/2

[Event "Petrov Mem Open"]
[Site "St Petersburg RUS"]
[Date "2002.02.19"]
[Round "8"]
[White "Ayupov,D"]
[Black "Popov,Val"]
[Result "0-1"]
[WhiteElo "2347"]
[BlackElo "2593"]

1.d4 d5 2.c4 c6 3.Nf3 Nf6 4.Nc3 dxc4 5.a4 Bf5 6.e3 e6 7.Bxc4 Nbd7 8.O-O Bb4
9.Qb3 a5 10.Nh4 Bg6 11.f3 Nd5 12.g3 Qb6 13.Bd2 O-O 14.Rad1 Be7 15.Nxg6 hxg6
16.Rfe1 Rfd8 17.Kg2 Qxb3 18.Bxb3 Nb4 19.Bc1 Kf8 20.f4 Rac8 21.Na2 Nxa2 22.Bxa2 Bb4
23.Bd2 Bxd2 24.Rxd2 Nc5 25.Ra1 Ke7 26.Rc2 Nd3 27.Bb3 Nb4 28.Rc3 Ra8 29.Kf3 Kf6
30.h4 Ke7 31.Rd1 Ra6 32.Bc4 Rb6 33.Rh1 Nd5 34.Rb3 Nb4 35.Rc1 Ra8 36.Be2 Nd5
37.Bc4 Rxb3 38.Bxb3 Ra6 39.Rc5 Nf6 40.Bc4 Ra8 41.Bb3 Nd7 42.Rc3 Ra6 43.Bc4 Rb6
44.Rb3 Rxb3 45.Bxb3 b5 46.e4 Nb6 47.axb5 cxb5 48.Ke3 a4 49.Ba2 b4 50.Kd3 Kd7
51.g4 f5 52.exf5 exf5 53.gxf5 gxf5 54.Bg8 Kd6 55.Bh7 Nd5 56.Kc4 a3 57.bxa3 bxa3
58.Kb3 Ne7 59.h5 Kd5 60.Kxa3 Kxd4 61.Kb4 Nd5+ 62.Kb5 Ke4 63.Kc5 Nf6 64.Bg6 Kxf4
65.Kd4 Kg5 66.Ke5 f4  0-1

[Event "Donald Byrne Mem"]
[Site "Penn State USA"]
[Date "2002.02.20"]
[Round "7"]
[White "Muhammad,S"]
[Black "Formanek,E"]
[Result "1/2-1/2"]
[WhiteElo "2317"]
[BlackElo "2300"]

1.d4 d5 2.Nf3 c6 3.c4 Nf6 4.Nc3 dxc4 5.a4 Bf5 6.Ne5 e6 7.f3 Bb4 8.Nxc4 c5
9.dxc5 Qxd1+ 10.Kxd1 Bxc5 11.e4 Bg6 12.Nb5 Kd7 13.Ne5+ Kc8 14.Bd2 Na6 15.Rc1 Kd8
16.Bc4 Nd7 17.Nd3 Be7 18.Ke2 Nab8 19.Bf4 Nc6 20.Rhd1 Rc8 21.Nxa7 Nxa7 22.Ne5 Rc7
23.Nxg6 hxg6 24.Bxc7+ Kxc7 25.Bb5+ Nc6 26.h3  1/2-1/2

[Event "Mario Covas Jr"]
[Site "Sao Paulo BRA"]
[Date "2002.02.22"]
[Round "3"]
[White "Loureiro,L"]
[Black "Morovic Fernandez,I"]
[Result "1/2-1/2"]
[WhiteElo "2358"]
[BlackElo "2554"]

1.d4 d5 2.c4 c6 3.Nc3 Nf6 4.Nf3 dxc4 5.a4 Bf5 6.e3 e6 7.Bxc4 Bb4 8.O-O Nbd7
9.Qe2 Bg4 10.h3 Bxf3 11.Qxf3 O-O 12.Rd1 Qa5 13.Qe2 e5 14.Na2 Bd6 15.Bd2 Qc7
16.a5 Rfe8 17.Qf3 Rad8 18.Nc3 Bb4 19.Rdc1 exd4 20.exd4 Qd6 21.Be3 a6 22.Rd1 Qe7
23.Bb3 Bd6 24.Ra4 Nf8 25.g3 Ne6 26.d5 Nc5 27.Bxc5 Bxc5 28.dxc6 bxc6 29.Rxd8 Qxd8  1/2-1/2

[Event "2nd HCC"]
[Site "Helsinki FIN"]
[Date "2002.02.26"]
[Round "2"]
[White "Tella,J"]
[Black "Hansen,Vi"]
[Result "1/2-1/2"]
[WhiteElo "2440"]
[BlackElo "2151"]

1.d4 d5 2.c4 c6 3.Nf3 Nf6 4.Nc3 dxc4 5.a4 Bf5 6.e3 e6 7.Bxc4 Bb4 8.O-O O-O
9.Qe2 Bg6 10.Ne5 Nbd7 11.Nxg6 hxg6 12.Rd1 Qe7 13.e4 e5 14.d5 Rfd8 15.Bg5 Rac8
16.a5 Nc5 17.Bxf6 gxf6 18.Na2 cxd5 19.Nxb4 dxc4 20.Nd5 Qe6 21.Qxc4 Kg7 22.b4 Na6
23.Qf1 Rh8 24.Rac1 Rxc1 25.Rxc1 Rc8 26.h3 Rxc1 27.Qxc1 Qc6 28.Qe3 f5 29.Qg3 f4
30.Qg5 Qd6 31.b5 Nc5 32.f3 f6 33.Qh4 Nb3 34.b6 axb6 35.axb6 Nd4 36.Qe1 Qc5
37.Kh1 Nc2 38.Qh4 g5 39.Qg4 Ne3 40.Qd7+ Kh6 41.Nxe3 fxe3 42.Qd8 Kg6 43.Qg8+ Kh6
44.Qh8+  1/2-1/2

[Event "Open"]
[Site "Malaga ESP"]
[Date "2002.02.26"]
[Round "5"]
[White "Bellon Lopez,JuM"]
[Black "Rubio Doblas,R"]
[Result "1-0"]
[WhiteElo "2461"]
[BlackElo "2119"]

1.d4 d5 2.Nf3 c6 3.c4 Nf6 4.Nc3 dxc4 5.a4 Bf5 6.Ne5 e6 7.f3 Bb4 8.Bg5 h6
9.Bh4 Qa5 10.Rc1 b5 11.e4 Bh7 12.Be2 Nfd7 13.Ng4 Qb6 14.Bf2 h5 15.Ne3 e5
16.axb5 exd4 17.Nxc4 Qc5 18.O-O O-O 19.Bxd4 Qe7 20.bxc6 Bxc3 21.Bxc3 Nxc6
22.Qd5 Qc5+ 23.Qxc5 Nxc5 24.Ne3 Nb3 25.Rcd1 Kh8 26.Rd6 Ne7 27.Rfd1 Rfe8 28.Bc4 Nc5
29.Bxf7  1-0

[Event "Cupa Martisor Open"]
[Site "Bucharest ROM"]
[Date "2002.03.02"]
[Round "3"]
[White "Sava,C"]
[Black "Parseghian,A"]
[Result "1-0"]
[WhiteElo "2020"]
[BlackElo "2080"]

1.d4 d5 2.c4 c6 3.Nf3 Nf6 4.Nc3 dxc4 5.a4 Bf5 6.e3 e6 7.Bxc4 Bb4 8.O-O O-O
9.Qb3 Qb6 10.Bd2 Bxc3 11.Bxc3 Nbd7 12.Bb4 c5 13.dxc5 Nxc5 14.Qa3 Rfc8 15.a5 Qc7
16.Rac1 b6 17.Ba6 Rd8 18.Bxc5 bxc5 19.Rxc5 Qd6 20.Bb7 Rab8 21.a6 Ne4 22.Bxe4 Bxe4
23.Nd4 Rxb2 24.Qxb2 Qxc5 25.Rc1 Qd6 26.f3 Bd5 27.Qa1 Kf8 28.Qa5 Ke7 29.Nb5 Qb8
30.Rc7+ Rd7 31.Qb4+ Ke8 32.Nd6+  1-0

[Event "FSIMB March"]
[Site "Budapest HUN"]
[Date "2002.03.02"]
[Round "1"]
[White "Dub,Z"]
[Black "Alfred,N"]
[Result "1-0"]
[WhiteElo "2238"]
[BlackElo "2247"]

1.d4 d5 2.c4 c6 3.Nf3 Nf6 4.Nc3 dxc4 5.a4 Bf5 6.Ne5 Nbd7 7.Nxc4 Qc7 8.g3 e5
9.dxe5 Nxe5 10.Bf4 Nfd7 11.Bg2 f6 12.O-O Nc5 13.e4 Bg6 14.Qe2 Be7 15.Be3 Bf7
16.Nxe5 fxe5 17.f4 Nb3 18.Rad1 Nd4 19.Rxd4 exd4 20.Bxd4 O-O 21.Qg4 g6 22.h4 Rad8
23.Be5 Qd7 24.f5 h5 25.Qe2 Bc5+ 26.Kh1 Qd3 27.f6 Qxe2 28.Nxe2 Rd2 29.Nf4 Rfd8
30.Bc3 Rd1 31.e5 Rxf1+ 32.Bxf1 Rd1 33.Kg2 Bd5+ 34.Nxd5 cxd5 35.e6 d4 36.e7 Bxe7
37.fxe7 Kf7 38.Be2 Rc1 39.Bb4 a6 40.Bd3 Rc6 41.Be4 Rb6 42.Bc5 Rxb2+ 43.Kf1 d3
44.Bxg6+ Kxg6 45.e8=Q+ Kf5 46.Qd7+  1-0

[Event "Anibal Open"]
[Site "Linares ESP"]
[Date "2002.03.02"]
[Round "2"]
[White "Dzhakaev,D"]
[Black "Najer,E"]
[Result "1-0"]
[WhiteElo "2424"]
[BlackElo "2599"]

1.Nf3 d5 2.d4 Nf6 3.c4 c6 4.Nc3 dxc4 5.a4 Bf5 6.e3 e6 7.Bxc4 Bb4 8.O-O O-O
9.Nh4 Nbd7 10.f3 Bg6 11.Nxg6 hxg6 12.e4 c5 13.Na2 Qb6 14.Nxb4 Qxb4 15.b3 Qc3
16.Ba3 Rfd8 17.dxc5 Ne5 18.Qc1 Qd4+ 19.Kh1 Nxc4 20.bxc4 Rd7 21.Rd1 Qe5 22.Qb2 Qxb2
23.Bxb2 Rc7 24.Ba3 Nd7 25.c6 bxc6 26.Bd6 Rb7 27.a5 a6 28.Rab1 Raa7 29.e5 g5
30.Kg1 f6 31.Kf2 Kf7 32.Ke3 fxe5 33.h3 c5 34.Ke4 Kf6 35.Rdc1 Kf7 36.Bxe5 Nf6+
37.Ke3 Nd7 38.Bc3 e5 39.Kd3 Kf6 40.Re1 Kf5 41.Kc2 Rxb1 42.Rxb1 Rc7 43.Rd1 Ke6
44.Bd2 Rb7 45.Bxg5 Rb4 46.Kc3 e4 47.Re1 Kf5 48.f4 Kg6 49.Rxe4 Ra4 50.Re6+ Kh7
51.Rd6 Nb8 52.Rb6 Nd7 53.Rb7 Ra3+ 54.Kd2 Nf8 55.Bf6  1-0

[Event "Anibal Open"]
[Site "Linares ESP"]
[Date "2002.03.02"]
[Round "2"]
[White "Gyimesi,Z"]
[Black "Saldano,H"]
[Result "0-1"]
[WhiteElo "2606"]
[BlackElo "2418"]

1.d4 d5 2.c4 c6 3.Nf3 Nf6 4.Nc3 dxc4 5.a4 Bf5 6.Ne5 Na6 7.e3 Nb4 8.Bxc4 e6
9.O-O Be7 10.Qe2 h6 11.e4 Bh7 12.Rd1 O-O 13.Bf4 Qa5 14.Rd2 b5 15.Bb3 Rac8
16.Rdd1 Qb6 17.axb5 cxb5 18.d5 a6 19.d6 Bd8 20.Nxf7 Kxf7 21.e5 Nd7 22.Qh5+ Kg8
23.Bxe6+ Kh8 24.Be3 Qb7 25.Qg4 Rc4 26.Bxc4 Nxe5 27.Qg3 Nxc4 28.Bc5 Nc2 29.Ra2 Rf5
30.Rd5 Rxd5 31.Qf3 Re5  0-1

[Event "ch-RUS Boys U20"]
[Site "Vladimir RUS"]
[Date "2002.03.02"]
[Round "2"]
[White "Bocharov,D"]
[Black "Asanov,Ti"]
[Result "1/2-1/2"]
[WhiteElo "2452"]
[BlackElo "2411"]

1.d4 d5 2.c4 c6 3.Nf3 Nf6 4.Nc3 dxc4 5.a4 Bf5 6.Nh4 e6 7.Nxf5 exf5 8.e3 Bb4
9.Bxc4 O-O 10.O-O Nbd7 11.Bd2 g6 12.Ne2 Bd6 13.b4 Nb6 14.Qb3 Nxc4 15.Qxc4 Re8
16.h3 Rc8 17.Rfc1 h5 18.b5 Ne4 19.Be1 c5 20.dxc5 Be5 21.Rab1 Rxc5 22.Qb3 b6
23.Rxc5 Nxc5 24.Qc4 Qd3 25.Qxd3 Nxd3 26.Bc3 Bxc3 27.Nxc3 Rc8 28.Nd5 Rc4 29.Ra1 Rc5
30.Ne7+ Kf8 31.Nc6 a5 32.bxa6 Rxc6 33.Rd1 Rc7  1/2-1/2

[Event "Ciocaltea Mem"]
[Site "Bucharest ROM"]
[Date "2002.03.04"]
[Round "1"]
[White "Manolache,M"]
[Black "Svetushkin,D"]
[Result "0-1"]
[WhiteElo "2433"]
[BlackElo "2501"]

1.d4 d5 2.c4 c6 3.Nf3 Nf6 4.Nc3 dxc4 5.a4 Bf5 6.e3 e6 7.Bxc4 Bb4 8.O-O O-O
9.Nh4 Nbd7 10.Nxf5 exf5 11.Qc2 g6 12.f3 Rc8 13.Qf2 c5 14.Ba2 a6 15.Kh1 Qa5
16.Bd2 Rfe8 17.e4 c4 18.Bb1 f4 19.Bxf4 Bxc3 20.bxc3 Qxc3 21.Ba2 Qa5 22.Rfc1 Nb6
23.Qb2 Nfd7 24.Bb1 c3 25.Qc2 Rc4 26.Ba2 Rxd4 27.Qb3 Rc4 28.Bc7 Qb4 29.Qxb4 Rxb4
30.a5 Na4 31.Bd5 Ndc5 32.Bd6 Rc8 33.h4 Rd4 34.Rab1 Rd2 35.Bf4 Rb2  0-1

[Event "2nd HCC"]
[Site "Helsinki FIN"]
[Date "2002.03.05"]
[Round "8"]
[White "Lehikoinen,P"]
[Black "Hansen,Vi"]
[Result "1-0"]
[WhiteElo "2229"]
[BlackElo "2151"]

1.d4 d5 2.c4 c6 3.Nf3 Nf6 4.Nc3 dxc4 5.a4 Bf5 6.e3 e6 7.Bxc4 Bb4 8.O-O O-O
9.Nh4 Bg6 10.Nxg6 hxg6 11.Qc2 Nbd7 12.Rd1 Qc7 13.g3 Rad8 14.Bf1 e5 15.Bg2 exd4
16.exd4 Nb6 17.Bg5 Rd7 18.a5 Nbd5 19.a6 b6 20.Bh3 Rd6 21.Rac1 Bxc3 22.bxc3 c5
23.c4 Nb4 24.Qa4 Qc6 25.Qa3 Rdd8 26.d5 Qe8 27.Re1 Nc2 28.Rxe8 Nxa3 29.Re3 Nxc4
30.Rxc4 Rxd5 31.Bxf6 gxf6 32.Re7 Rd1+ 33.Kg2 Ra1 34.Rxa7  1-0

[Event "Anibal Open"]
[Site "Linares ESP"]
[Date "2002.03.05"]
[Round "5"]
[White "Kempinski,R"]
[Black "Zhang Pengxiang"]
[Result "0-1"]
[WhiteElo "2576"]
[BlackElo "2522"]

1.d4 d5 2.c4 c6 3.Nc3 Nf6 4.Nf3 dxc4 5.a4 Bf5 6.Ne5 Nbd7 7.Nxc4 Nb6 8.Ne3 Bg6
9.g3 a5 10.Bg2 e6 11.O-O Bb4 12.f4 Qd7 13.Bh3 Nbd5 14.Ncxd5 Nxd5 15.Nc4 Be4
16.Ne5 Qd6 17.Nd3 Nf6 18.Nf2 Rd8 19.Nxe4 Nxe4 20.Bg2 Nd2 21.Bxd2 Qxd4+ 22.e3 Qxb2
23.Rf2 Rxd2 24.Rxd2 Qxd2 25.Qb3 Qc3 26.Qxc3 Bxc3 27.Rd1 Ke7 28.Kf2 Rd8 29.Rxd8 Kxd8
30.Ke2 Kc7 31.Kd3 Be1 32.Kc4 Bf2 33.Kd4 b5 34.Be4 h6 35.Bc2 Kb6 36.g4 Bh4
37.f5 Bf6+ 38.Kd3 exf5 39.gxf5 Be5 40.h3 Kc5 41.Bb3 f6 42.h4 Kb4 43.Kc2 h5
44.axb5 cxb5 45.Bf7 Ka3 46.Bxh5 b4 47.Kd3 b3 48.Bf7 a4  0-1

[Event "FSGM March"]
[Site "Budapest HUN"]
[Date "2002.03.07"]
[Round "6"]
[White "Flumbort,A"]
[Black "Vajda,Al"]
[Result "0-1"]
[WhiteElo "2436"]
[BlackElo "2364"]

1.Nf3 d5 2.d4 c6 3.c4 Nf6 4.Nc3 dxc4 5.a4 Bf5 6.Ne5 Nbd7 7.Nxc4 Nd5 8.f3 Nb4
9.e4 Bg6 10.Be3 e6 11.Be2 Be7 12.O-O O-O 13.Qb3 f5 14.Rad1 Qc7 15.Na3 Bf7
16.Bc4 f4 17.Bd2 e5 18.Ne2 a5 19.dxe5 Nc5 20.Bxf7+ Rxf7 21.Qc4 Nxa4 22.Bc3 Nxc3
23.Qxc3 Rd8 24.Kh1 Bf8 25.e6 Rf6 26.Qb3 Kh8 27.Rxd8 Qxd8 28.Rd1 Qc8 29.Nd4 b5
30.Qc3 h6 31.e5 Rg6 32.Qd2 Bc5 33.Qxf4 Bxd4 34.Qxd4 Qxe6 35.f4 Qg4 36.Rg1 Qf5
37.Rf1 Kh7 38.h3 h5 39.Rf3  0-1

[Event "Anibal Open"]
[Site "Linares ESP"]
[Date "2002.03.08"]
[Round "8"]
[White "Gyimesi,Z"]
[Black "Ibrahimov,R"]
[Result "1-0"]
[WhiteElo "2606"]
[BlackElo "2436"]

1.d4 d5 2.c4 c6 3.Nf3 Nf6 4.Nc3 dxc4 5.a4 Bf5 6.Ne5 e6 7.f3 Bb4 8.e4 Bxe4
9.fxe4 Nxe4 10.Bd2 Qxd4 11.Nxe4 Qxe4+ 12.Qe2 Bxd2+ 13.Kxd2 Qd5+ 14.Kc2 Na6
15.Nxc4 O-O 16.Qf3 Rab8 17.Be2 Nb4+ 18.Kb1 Qc5 19.Rc1 b5 20.Na5 Qe5 21.axb5 cxb5
22.Nc6 Nxc6 23.Rxc6 Qxh2 24.Qf2 Qe5 25.Rxa7 Qe4+ 26.Rc2 Rbc8 27.Bxb5 Rxc2
28.Qxc2 Qd4 29.Ra3 g6 30.Bc6 e5 31.Rd3 Qh4 32.Qc3 e4 33.Rh3 Qg4 34.Qc2  1-0